Statistiques concernant Prénoms d'acteurs et d'actrices français

Cliquez ici pour prendre le quiz!

Statistiques générales

  • Ce quiz a été pris 476 fois
  • Le résultat moyen est 39 sur 64

Statistiques - réponses

HintRéponse% Correct
DujardinJean
98%
ForestiFlorence
96%
CanetGuillaume
92%
NineyPierre
92%
ElmalehGad
91%
DeneuveCatherine
87%
ClavierChristian
87%
CluzetFrancois
86%
ParadisVanessa
84%
CottinCamille
83%
CommandeurJerome
83%
MeradKad
83%
EfiraVirginie
83%
TautouAudrey
81%
RouveJean-Paul
81%
GayetJulie
81%
JudorEric
80%
LelloucheGilles
80%
AuteuilDaniel
79%
PoelvoordeBenoit
78%
SeydouxLea
77%
GainsbourgCharlotte
75%
ExarhopoulosAdele
74%
FoïsMarina
74%
CohenJonathan
70%
GarciaJosé
69%
BinocheJuliette
69%
LuchiniFabrice
68%
CalamyLaure
68%
BekhtiLeila
68%
KaterinePhilippe
67%
HuppertIsabelle
65%
DurisRomain
64%
LafitteLaurent
62%
BayeNathalie
62%
LindonVincent
62%
BaerEdouard
61%
CastaLaetitia
59%
BéartEmmanuelle
56%
WilsonLambert
55%
GarrelLouis
54%
BediaRamzy
52%
DupontelAlbert
50%
BouquetCarole
49%
ArdantFanny
49%
ViardKarin
47%
KiberlainSandrine
47%
ChauvinIngrid
46%
BejoBerenice
45%
MarmaiPio
43%
AnconinaRichard
39%
BonnetonValérie
39%
AttalYvan
39%
ZylbersteinElsa
34%
MouglalisAnna
30%
PodalydèsDenis
28%
RahimTahar
28%
BouchezElodie
26%
AmalricMathieu
26%
DémoustiersAnais
25%
FabianFrançoise
24%
BalibarJeanne
20%
VoisinBenjamin
13%
HaidaraEye
4%

Distribution des résultats

Percentile par nombre de réponses

% des personnes avec chaque résultat

Votre développement - résultats

Vous n’avez pas pris ce quiz